| 000 | 00617nam a2200193 a 4500 | ||
|---|---|---|---|
| 001 | 001101501 | ||
| 003 | AM-YEHGA | ||
| 005 | 20250617160552.0 | ||
| 008 | 150918s1961 ru r 000 0 rus d | ||
| 040 | _aAM-YeHGA | ||
| 041 | 0 | _arus | |
| 100 | 1 | _aРоманова, Елена Васильевна | |
| 245 | 1 | 0 |
_aЛечат ли знахари? / _cЕ. Романова. |
| 260 |
_aКалуга : _bКалужское кн. изд-во, _c1961. |
||
| 300 |
_a60 с. : _bил. ; _c22 см. |
||
| 650 | 1 | 4 | _aОрганизация здравоохранения |
| 653 | 0 | _aЗнахарство | |
| 090 | _c458921 | ||
| 999 |
_c455905 _d455905 |
||